Better Homes and Gardens Sewing Book: (Record no. 7017)

MARC details
000 -LEADER
fixed length control field 00435nam a2200157Ia 4500
003 - CONTROL NUMBER IDENTIFIER
control field GBCCL
005 - DATE AND TIME OF LATEST TRANSACTION
control field 20241126110617.0
008 - FIXED-LENGTH DATA ELEMENTS--GENERAL INFORMATION
fixed length control field 180705b ||||| |||| 00| 0 eng d
040 ## - CATALOGING SOURCE
Transcribing agency GBC
082 ## - DEWEY DECIMAL CLASSIFICATION NUMBER
Classification number 646
Item number BET
245 ## - TITLE STATEMENT
Title Better Homes and Gardens Sewing Book:
Remainder of title Sewing HOW-TO for home and family
260 ## - PUBLICATION, DISTRIBUTION, ETC.
Date of publication, distribution, etc. 1961.
Place of publication, distribution, etc. USA:
Name of publisher, distributor, etc. Meredith Publishing Company,
300 ## - PHYSICAL DESCRIPTION
Extent 320p.
650 ## - SUBJECT ADDED ENTRY--TOPICAL TERM
Topical term or geographic name entry element Dressmaking
Form subdivision Sewing
9 (RLIN) 12462
942 ## - ADDED ENTRY ELEMENTS (KOHA)
Source of classification or shelving scheme Dewey Decimal Classification
Koha item type Reference Books
Holdings
Withdrawn status Lost status Source of classification or shelving scheme Damaged status Not for loan Home library Current Library Shelving location Date acquired Total checkouts Full call number Barcode Date last seen Copy number Price effective from Koha item type
    Dewey Decimal Classification     GRACE BIBLE COLLEGE GRACE BIBLE COLLEGE Encyclopedia 2018-07-05   646 BET 001276 2025-05-01 c.1 2018-07-05 Reference Books
© Grace Bible College Library 2025